| 000 | 00436 a2200109 4500 | ||
|---|---|---|---|
| 020 | _a9789695460160 | ||
| 082 | _a620.135 RIZ | ||
| 100 | _aRizwan,Syed Ali | ||
| 245 |
_aProceedings of International Conference on Advances in Cement Based Materials and Applications in civil Infrastructure (ACBM-ACI) [vol. 2] _cSyed Ali Rizwan |
||
| 260 |
_aPakistan: _bUET Lahore, A One Publishers, _c2007. |
||
| 300 |
_aviii,585-1160p. : _bill. ; _c26 cm. |
||
| 650 | _aCement -Materials | ||
| 999 |
_c841 _d841 |
||